[Event "TUR-chT2"]
[Site "Konya"]
[Date "2018.07.15"]
[Round "9.13"]
[White "Kargi, Mert"]
[Black "Sen, Nehir"]
[Result "1-0"]
[WhiteElo "1519"]
[BlackElo "1241"]
[PlyCount "99"]
[EventDate "2018.07.10"]
[EventType "team-swiss"]
[EventRounds "9"]
[EventCountry "TUR"]
[SourceTitle "EXT 2019"]
[Source "ChessBase"]
[SourceDate "2018.10.10"]
[SourceVersion "1"]
[SourceVersionDate "2018.10.10"]
[SourceQuality "1"]
[WhiteTeam "Artvin Il Ozel"]
[BlackTeam "Antalya Deniz Genclik"]
[WhiteTeamCountry "TUR"]
[BlackTeamCountry "TUR"]

1. e4 g6 2. d4 Bg7 3. Nc3 d6 4. Bg5 Nf6 5. f3 c6 6. Qd2 h6 7. Be3 b5 8. a3 Qa5 9. 0-0-0 Nbd7 10. Kb1 Rb8 11. Nd5 Qxd2 12. Nxf6+ Bxf6 13. Rxd2 Nb6 14. b3 a6 15. f4 Bg7 16. Nf3 Bd7 17. Ka2 a5 18. Rg1 a4 19. b4 Be6+ 20. Kb1 Bc4 21. Bd3 Kd7 22. g4 Rhc8 23. g5 h5 24. f5 Ke8 25. Nh4 Bxd3 26. cxd3 gxf5 27. Nxf5 Bf8 28. Ng3 h4 29. Nf5 h3 30. Rc2 e6 31. Nh4 Nd7 32. Rgc1 Rb6 33. Nf3 Nb8 34. Ng1 Rb7 35. Nxh3 Rbc7 36. Nf2 Nd7 37. h4 c5 38. dxc5 dxc5 39. d4 c4 40. h5 Bg7 41. Rg1 Nb8 42. h6 Bh8 43. g6 fxg6 44. Rxg6 Kf7 45. Rg5 Rb7 46. Ng4 Nc6 47. Rf2+ Ke7 48. d5 exd5 49. Bc5+ Ke6 50. exd5+ 1-0